Famous Overlapping Names III Quiz Stats

 Plays Quiz Updated Jun 6, 2019

Score 0/40 Timer 04:00
5 Plays Today
Person(s) A Overlapping Name % Correct
Lenny, ShelleyBruce
83.2%
Ezzard, RayCharles
82.8%
Conrad, GeorgeWill
82.5%
Butch, DanicaPatrick
82.1%
Eddie, MarvAlbert
78.8%
Horace, Ulysses (S.)Grant
78.7%
James, RogerTaylor
77.2%
Brian, SybilChristopher
77.1%
Kiana, LaurenTom
76.5%
Russell, WoodrowWilson
76.4%
Joe, TracyMorgan
74.7%
Lionel, NicoleRichie
73.4%
TeenaMarie
73.3%
RaulJulia
72.9%
Hank, MaxAaron
65.4%
Carl, C.S., JennyLewis
65%
Elizabeth, WilliamLaurence
64.5%
Joe, Katy, MatthewPerry
64.4%
Dwight, RonHoward
63.3%
Everett, George (C.)Scott
63.2%
Person(s) A Overlapping Name % Correct
Jeff, RichardBlake
60%
Ernest, SamuelRutherford
60%
Dick, FrancisGregory
59.6%
Pierre-HuguesHerbert
58.9%
Justin, KateUpton
47.3%
Steve, VanessaCarlton
45.4%
Klariza, RoyceClayton
42.4%
Anna, HowieKendrick
41.1%
Daniela, FreddieMercury
32.1%
Chan (Ho), RayPark
31.2%
Alexa (Ray), BillyJoel
29.5%
Bonnie, JohnTyler
29%
Frank, PabloFrancisco
28.7%
Mariano, Sandy, TimDuncan
18.1%
John, RayCandy
14.7%
Ben, MaryKingsley
11.7%
George, RayLucas
10%
Martha, ThomasJefferson
9.8%
Brian, TorstenMay
4%
Colin, David, WalterMackenzie
3.7%

You're not logged in!

Compare scores with friends on all Sporcle quizzes.
OR
Log In

Sporcle TV

Today on Sporcle TV


Watch our educational content, quiz creation guides, and fun videos on Sporcle TV.

Show Comments

Extras

Top Quizzes Today


Score Distribution

Your Account Isn't Verified!

In order to create a playlist on Sporcle, you need to verify the email address you used during registration. Go to your Sporcle Settings to finish the process.

Report this User

Report this user for behavior that violates our Community Guidelines.

Details: